|
|
|
|
| LEADER |
00000nam0a2200000 4500 |
| 001 |
366051 |
| 005 |
20231102011838.0 |
| 035 |
|
|
|a (RuTPU)RU\TPU\retro\23414
|
| 090 |
|
|
|a 366051
|
| 100 |
|
|
|a 20220128d1978 m y0rusy50 ca
|
| 101 |
0 |
|
|a rus
|
| 102 |
|
|
|a RU
|
| 105 |
|
|
|a a j 001zy
|
| 200 |
1 |
|
|a Автоматизация типовых технологических процессов и установок (подчиненное регулирование электропривода)
|e учебное пособие
|f К. В. Кибизов
|g Северо-Осетинский государственный университет
|
| 210 |
|
|
|a Орджоникидзе
|c [Б. и.]
|d 1978
|
| 215 |
|
|
|a 80 с.
|c ил.
|
| 320 |
|
|
|a Библиогр.: с. 77
|
| 606 |
1 |
|
|a Электроприводы
|2 stltpush
|3 (RuTPU)RU\TPU\subj\20689
|9 45775
|
| 610 |
1 |
|
|a подчиненное регулирование
|
| 610 |
1 |
|
|a структура
|
| 610 |
1 |
|
|a синтез
|
| 610 |
1 |
|
|a управляемые статические преобразователи-двигатели
|
| 610 |
1 |
|
|a производственные установки
|
| 610 |
1 |
|
|a автоматизация
|
| 610 |
1 |
|
|a аппаратура управления
|
| 610 |
1 |
|
|a учебные пособия
|
| 675 |
|
|
|a 62-83(075.8)
|v 4
|
| 700 |
|
1 |
|a Кибизов
|b К. В.
|g Казбек Васильевич
|
| 712 |
0 |
2 |
|a Северо-Осетинский государственный университет
|2 stltpush
|3 (RuTPU)RU\TPU\col\11915
|9 25297
|
| 801 |
|
1 |
|a RU
|b 63413507
|c 20220128
|
| 801 |
|
2 |
|a RU
|b 63413507
|c 20220128
|g RCR
|
| 942 |
|
|
|c BK
|